000
00272nam a22001217a 4500
008
181023b xxu||||| |||| 00| 0 eng d
041
_a
eng
080
_a
316
100
_a
50
101
_a
SOC
245
_a
Social Change and Social Research
_c
Mann,R.S
942
_2
udc
_c
BK
999
_c
50742
_d
50742